Der Lausbub : das kleine Witzblatt.

Saved in:
Bibliographic Details
Format: Journal
Language:German
Published: Cernăuți, România : [s.n.], 1930.
Subjects:
Tags: Add Tag
No Tags, Be the first to tag this record!
LEADER 00564nas a22002057a 4500
001 007736498-8
005 20020606104010.5
008 980313d19301930rm x p 0 0ger d
010 |a sn 98032047  
035 0 |a ocm38600492 
040 |a HLS  |c HLS 
042 |a msc 
043 |a e-rm--- 
245 0 4 |a Der Lausbub :  |b das kleine Witzblatt. 
260 |a Cernăuți, România :  |b [s.n.],  |c 1930. 
362 0 |a 1. Jahrg., Nr. 1 (16 Nov. 1930). 
650 0 |a Jewish wit and humor  |z Romania  |v Periodicals. 
650 0 |a Jews  |z Romania  |v Periodicals. 
988 |a 20020608 
906 |0 MH